Disney and Nickelodeon shows - Statistics

General Stats
  • This quiz has been taken 540 times
  • The average score is 10 of 14
Answer Stats
Hint Answer % Correct
A girl starts a web show with her two friends Icarly
87%
A family of superheroes try to hide their identity The Thundermans
87%
A girl who lives a normal life in the day a famous singer in the night Hannah montana
86%
Spin off of the show Boy Meets World Girl Meets World
84%
A teen becomes a nanny to 4 multiracial kids Jessie
82%
A boy become a sidekick to a well-known superhero Henry danger
77%
A teen girl lives her life with a psychic ability That's So Raven
73%
A girl gets accepted into a school of talented kids Victorious
72%
A set of quadruplets are always up to no good Nicky, Ricky, Dicky and Dawn
69%
Two teens become partners in creating music Austin and Ally
56%
A psychic mother raises two kids with her bestfriend Raven's home
55%
A child musician becomes the newest student in the advanced natural talents ANT farm
54%
Two completely different boys become brothers Drake and josh
51%
Spin off of the last one Danger force
42%
No matching quizzes found
Score Distribution
Percent of People with Each Score
Percentile by Number Answered
Your Score History
You have not taken this quiz